000 00539nam a2200229Ia 4500
003 OSt
005 20240429094419.0
008 210323s9999||||xx |||||||||||||| ||und||
020 _a0631232389
040 _cSTCPL
041 _aENG
082 _a149.97
_bJOH-S
100 _aSturrock, John
245 0 _aStructuralism /
_cby John Sturrock
250 _a2nd ed.
260 _aNew Jersey :
_bBlackwell Publishing ,
_c2003 .
300 _a170 p.
_bPB
650 _aEnglish
650 _aStructuralism
942 _cBK
942 _2ddc
999 _c56168
_d56168